| 000 | 00639nam a2200229Ia 4500 | ||
|---|---|---|---|
| 003 | OSt | ||
| 005 | 20220926024812.0 | ||
| 006 | a|||||r|||| 00| 0 | ||
| 007 | ta | ||
| 008 | 220923b |||||||| |||| 00| 0 eng d | ||
| 037 | _cGeneral Book | ||
| 040 |
_aRTL _cRTL _beng |
||
| 041 |
_2eng _aeng |
||
| 082 | _aXxM99H:g(Y), N4 | ||
| 100 |
_aKley Roland _9331441 |
||
| 245 | 0 | _aHayek`s social and political thought | |
| 260 |
_aOxford _bClarendon Press _c1994 |
||
| 300 |
_aviii, 248p _ccm. |
||
| 500 | _aBibliography : P 230-39. | ||
| 942 |
_hXxM99H:g(Y), N4 _cGB _2CC |
||
| 999 |
_c645469 _d645469 |
||